000 00815nam a2200193 i 4500
001 166697
003 ES-MaACL
005 20250806063135.0
008 950926s1868 sp |||| | spa d
080 _a903
100 1 _aTubino, Francisco María,
_d1833-1888
_9111620
245 1 0 _aEstudios prehistóricos /
_cpor Francisco M. Tubino.
260 _aMadrid :
_bRevista de Bellas Artes,
_c1868 (
_eSevilla :
_fLa Andalucia)
300 _a128 p. ;
_c22 cm.
650 4 _aPrehistoria.
_916343
852 4 _aES-MaACL
_jT-114-F-1
_z- Enc. hol.
_z- Enc. en un vol. facticio
852 4 _aES-MaACL
_jB-8926(5)
_z- Legado de Federico de Botella y de Hornos
_z- Enc. en 1 v. facticio agrupado con el nombre en el lomo: España, geología, memorias y documentos varios 20 al 40
999 _c166697
_d166697